| 000 | 00439cam a22001577a 4500 | ||
|---|---|---|---|
| 008 | 180718b1993 xxu||||| |||| 00| 0 eng d | ||
| 020 | _a8170993512 | ||
| 082 | _aB1 P886g | ||
| 100 | _aRamaa Prasad | ||
| 245 |
_aGeneration gap: a sociological study of inter-generational conflicts _cby Ramaa Prasad |
||
| 260 |
_aNew Delhi _bMittal _c1993 |
||
| 300 | _a222p. | ||
| 650 | _aYouth | ||
| 650 | _aParents and teachers | ||
| 650 | _aSociology | ||
| 999 |
_c355695 _d355695 |
||